Real Madrid Biggest Transfers - Statistics

General Stats
  • This quiz has been taken 353 times
  • The average score is 110 of 277
Answer Stats
% Correct
Incomings Portugal ST Cristiano Ronaldo 09/10 Manchester United
99%
Outgoings Portugal ST Cristiano Ronaldo 18/19 Juventus
99%
Incomings Wales RW Gareth Bale 13/14 Tottenham Hotspur
99%
Incomings Brazil ST Ronaldo 02/03 Inter Milan
99%
Outgoings Brazil ST Ronaldo 06/07 Milan
99%
Incomings Belgium LW Eden Hazard 19/20 Chelsea
98%
Incomings England AM Jude Bellingham 23/24 Borussia Dortmund
98%
Incomings Croatia CM Luka Modric 12/13 Tottenham Hotspur
95%
Incomings Colombia AM James Rodriguez 14/15 Monaco
94%
Outgoings Colombia AM James Rodriguez 17/18 Bayern Munich
94%
Incomings France AM Zinedine Zidane 01/02 Juventus
94%
Incomings France ST Karim Benzema 09/10 Lyon
92%
Incomings Portugal RW Luis Figo 00/01 Barcelona
92%
Incomings Belgium GK Thibaut Courtois 18/19 Chelsea
91%
Incomings Argentina RW Angel Di Maria 10/11 Benfica
90%
Outgoings Argentina RW Angel Di Maria 14/15 Manchester United
90%
Incomings Brazil LW Vinicius Junior 18/19 Flamengo
90%
Incomings England RM David Beckham 03/04 Manchester United
88%
Incomings Brazil AM Kaka 09/10 Milan
88%
Incomings Brazil RW Rodrygo 19/20 Santos
88%
Incomings France DM Aurelien Tchouameni 22/23 Monaco
87%
Incomings France LB Ferland Mendy 19/20 Lyon
87%
Incomings Netherlands RW Arjen Robben 07/08 Chelsea
85%
Outgoings Netherlands RW Arjen Robben 09/10 Bayern Munich
85%
Incomings Brazil CB Eder Militao 19/20 Porto
84%
Incomings Serbia ST Luka Jovic 19/20 Eintracht Frankfurt
84%
Outgoings Serbia ST Luka Jovic 20/21 Eintracht Frankfurt
84%
Incomings Croatia CM Mateo Kovacic 15/16 Inter Milan
84%
Outgoings Croatia CM Mateo Kovacic 19/20 Chelsea
84%
Incomings Brazil DM Casemiro 15/16 Porto
83%
Incomings Brazil DM Casemiro 13/14 Sao Paulo
83%
Outgoings Brazil DM Casemiro 22/23 Manchester United
83%
Outgoings Brazil DM Casemiro 15/16 Porto
83%
Incomings France CM Eduardo Camavinga 21/22 Rennes
83%
Incomings Spain ST Alvaro Morata 16/17 Juventus
81%
Outgoings Spain ST Alvaro Morata 17/18 Chelsea
81%
Outgoings Spain ST Alvaro Morata 14/15 Juventus
81%
Incomings Spain CB Sergio Ramos 05/06 Sevilla
81%
Incomings Germany CM Toni Kroos 14/15 Bayern Munich
81%
Incomings Spain DM Xabi Alonso 09/10 Liverpool
80%
Outgoings Spain DM Xabi Alonso 14/15 Bayern Munich
80%
Incomings France CB Raphael Varane 11/12 Lens
78%
Outgoings France CB Raphael Varane 21/22 Manchester United
78%
Incomings Brazil ST Endrick 24/25 Palmeiras
77%
Incomings Portugal CB Pepe 07/08 Porto
77%
Incomings Spain RB Daniel Carvajal 13/14 Bayer Leverkusen
76%
Incomings Germany AM Mesut Ozil 10/11 Werder Bremen
76%
Outgoings Germany AM Mesut Ozil 13/14 Arsenal
76%
Incomings Spain AM Isco 13/14 Malaga
73%
Outgoings Morocco RB Achraf Hakimi 20/21 Inter Milan
72%
Outgoings Norway AM Martin Odegaard 21/22 Arsenal
72%
Outgoings Norway AM Martin Odegaard 20/21 Arsenal
72%
Outgoings Norway AM Martin Odegaard 19/20 Real Sociedad
72%
Incomings France LB Theo Hernandez 17/18 Atletico Madrid
72%
Outgoings France LB Theo Hernandez 19/20 Milan
72%
Incomings Argentina ST Gonzalo Higuain 06/07 River Plate
71%
Outgoings Argentina ST Gonzalo Higuain 13/14 Napoli
71%
Incomings Costa Rica GK Keylor Navas 14/15 Levante
71%
Outgoings Costa Rica GK Keylor Navas 19/20 Paris Saint-Germain
71%
Incomings Dominican Republic ST Mariano Diaz 18/19 Lyon
71%
Outgoings Dominican Republic ST Mariano Diaz 17/18 Lyon
71%
Incomings Mexico ST Javier Hernandez 14/15 Manchester United
70%
Outgoings Spain LW Jese Rodriguez 16/17 Paris Saint-Germain
67%
Incomings Brazil LW Robinho 05/06 Santos
67%
Outgoings Brazil LW Robinho 08/09 Manchester City
67%
Incomings Netherlands ST Ruud van Nistelrooy 06/07 Manchester United
67%
Incomings Turkey AM Arda Guler 23/24 Fenerbahce
65%
Incomings Spain AM Brahim Diaz 18/19 Manchester City
65%
Outgoings Spain AM Brahim Diaz 21/22 Milan
65%
Incomings Portugal LB Fabio Coentrao 11/12 Benfica
65%
Outgoings Portugal LB Fabio Coentrao 17/18 Sporting CP
65%
Incomings England ST Michael Owen 04/05 Liverpool
65%
Outgoings England ST Michael Owen 05/06 Newcastle United
65%
Incomings Brazil LB Marcelo 06/07 Fluminense
64%
Incomings Spain GK Kiko Casilla 15/16 Espanyol
60%
Incomings Netherlands AM Wesley Sneijder 07/08 Ajax
60%
Outgoings Netherlands AM Wesley Sneijder 09/10 Inter Milan
60%
Incomings France ST Nicolas Anelka 99/00 Arsenal
58%
Outgoings France ST Nicolas Anelka 00/01 Paris Saint-Germain
58%
Incomings France DM Claude Makelele 00/01 Celta Vigo
57%
Outgoings France DM Claude Makelele 03/04 Chelsea
57%
Incomings Brazil CB Danilo 15/16 Porto
57%
Outgoings Brazil CB Danilo 17/18 Manchester City
57%
Incomings Ukraine GK Andriy Lunin 18/19 Zorya Luhansk
56%
Incomings Spain LW Marco Asensio 15/16 Mallorca
55%
Outgoings Spain CM Marcos Llorente 19/20 Atletico Madrid
55%
Incomings Italy CB Fabio Cannavaro 06/07 Juventus
53%
Outgoings Spain AM Oscar Rodriguez 20/21 Sevilla
53%
Incomings Portugal CB Ricardo Carvalho 10/11 Chelsea
53%
Incomings Spain RB Alvaro Odriozola 18/19 Real Sociedad
52%
Outgoings Spain RB Alvaro Odriozola 23/24 Real Sociedad
52%
Outgoings Spain CB Diego Llorente 17/18 Real Sociedad
52%
Incomings Turkey DM Nuri Sahin 11/12 Borussia Dortmund
52%
Outgoings Turkey DM Nuri Sahin 14/15 Borussia Dortmund
52%
Outgoings Turkey DM Nuri Sahin 12/13 Liverpool
52%
Outgoings Turkey DM Nuri Sahin 12/13 Borussia Dortmund
52%
Outgoings Cameroon ST Samuel Eto'o 99/00 Mallorca
52%
Outgoings Spain LB Sergio Reguilon 20/21 Tottenham Hotspur
52%
Incomings Brazil LB Roberto Carlos 96/97 Inter Milan
51%
Outgoings Japan RW Takefusa Kubo 22/23 Real Sociedad
51%
Outgoings Japan RW Takefusa Kubo 20/21 Villarreal
51%
Outgoings Japan RW Takefusa Kubo 20/21 Getafe
51%
Incomings Germany CM Sami Khedira 10/11 Stuttgart
49%
Incomings Spain CM Dani Ceballos 17/18 Real Betis
48%
Incomings Netherlands ST Klaas-Jan Huntelaar 08/09 Ajax
48%
Outgoings Netherlands ST Klaas-Jan Huntelaar 09/10 Milan
48%
Incomings France DM Lassana Diarra 08/09 Portsmouth
47%
Outgoings France DM Lassana Diarra 12/13 Anzhi Makhachkala
47%
Incomings Spain AM Rafa Martin Vazquez 93/94 Marseille
47%
Outgoings Spain AM Rafa Martin Vazquez 90/91 Torino
47%
Incomings Mali DM Mahamadou Diarra 06/07 Lyon
46%
Incomings Spain CB Raul Albiol 09/10 Valencia
46%
Outgoings Spain CB Raul Albiol 13/14 Napoli
46%
Incomings Spain DM Asier Illarramendi 13/14 Real Sociedad
45%
Outgoings Spain DM Asier Illarramendi 15/16 Real Sociedad
45%
Incomings Togo ST Emmanuel Adebayor 10/11 Manchester City
45%
Incomings Spain RB Lucas Vazquez 15/16 Espanyol
45%
Incomings Denmark AM Michael Laudrup 94/95 Barcelona
45%
Incomings Netherlands CM Clarence Seedorf 96/97 Sampdoria
44%
Outgoings Netherlands CM Clarence Seedorf 99/00 Inter Milan
44%
Incomings Spain LB Fran Garcia 23/24 Rayo Vallecano
44%
Incomings Spain RB Alvaro Arbeloa 09/10 Liverpool
43%
Outgoings Spain RB Alvaro Arbeloa 06/07 Deportivo La Coruna
43%
Incomings Netherlands AM Rafael van der Vaart 08/09 Hamburg
41%
Outgoings Netherlands AM Rafael van der Vaart 10/11 Tottenham Hotspur
41%
Incomings Spain ST Dani Garcia 96/97 Real Zaragoza
40%
Outgoings Spain ST Dani Garcia 98/99 Mallorca
40%
Outgoings Spain ST Dani Garcia 95/96 Real Zaragoza
40%
Incomings Spain DM Javi Garcia 08/09 Osasuna
40%
Outgoings Spain DM Javi Garcia 09/10 Benfica
40%
Incomings Uruguay DM Pablo Garcia 05/06 Osasuna
40%
Incomings France GK Alphonse Areola 19/20 Paris Saint-Germain
39%
Incomings Spain GK Diego Lopez 12/13 Sevilla
39%
Outgoings Spain GK Diego Lopez 07/08 Villarreal
39%
Incomings Spain RW Jose Callejon 11/12 Espanyol
39%
Outgoings Spain RW Jose Callejon 13/14 Napoli
39%
Incomings Croatia ST Davor Suker 96/97 Sevilla
37%
Outgoings Croatia ST Davor Suker 99/00 Arsenal
37%
Outgoings Spain ST Fernando Morientes 04/05 Liverpool
37%
Incomings Spain CB Jesus Vallejo 15/16 Real Zaragoza
37%
Outgoings Spain ST Borja Mayoral 22/23 Getafe
35%
Outgoings Spain ST Borja Mayoral 16/17 Wolfsburg
35%
Outgoings Spain ST Borja Mayoral 20/21 Roma
35%
Outgoings Spain ST Borja Mayoral 18/19 Levante
35%
Outgoings Spain ST Borja Mayoral 19/20 Levante
35%
Incomings Mexico ST Hugo Sanchez 85/86 Atletico Madrid
35%
Incomings Argentina CB Gabriel Heinze 07/08 Manchester United
34%
Outgoings Argentina CB Gabriel Heinze 09/10 Marseille
34%
Incomings Argentina CB Walter Samuel 04/05 Roma
33%
Outgoings Argentina CB Walter Samuel 05/06 Inter Milan
33%
Incomings Spain GK Cesar Sanchez 00/01 Real Valladolid
32%
Incomings Argentina DM Fernando Gago 06/07 Boca Juniors
32%
Outgoings Argentina DM Fernando Gago 12/13 Valencia
32%
Outgoings Spain CB Javi Sanchez 20/21 Real Valladolid
32%
Incomings Brazil DM Lucas Silva 14/15 Cruzeiro
32%
Outgoings Spain RW Victor Sanchez 98/99 Racing Santander
32%
Incomings Brazil AM Reinier 19/20 Flamengo
31%
Outgoings Russia LW Denis Cheryshev 16/17 Villarreal
30%
Incomings England CB Jonathan Woodgate 04/05 Newcastle United
28%
Outgoings England CB Jonathan Woodgate 07/08 Middlesbrough
28%
Incomings Spain CM Ruben de la Red 08/09 Getafe
28%
Outgoings Spain CM Ruben de la Red 07/08 Getafe
28%
Incomings Argentina CB Ezequiel Garay 08/09 Racing Santander
25%
Outgoings Argentina CB Ezequiel Garay 11/12 Benfica
25%
Incomings Argentina DM Fernando Redondo 94/95 Tenerife
25%
Outgoings Argentina DM Fernando Redondo 00/01 Milan
25%
Incomings Romania AM Gheorghe Hagi 90/91 Steaua Bucharest
25%
Outgoings Romania AM Gheorghe Hagi 92/93 Brescia
25%
Incomings Brazil LW Savio 97/98 Flamengo
24%
Incomings Brazil LM Ze Roberto 96/97 Portuguesa
24%
Outgoings Brazil LM Ze Roberto 98/99 Bayer Leverkusen
24%
Incomings Spain CM Esteban Granero 09/10 Getafe
23%
Outgoings Spain CM Esteban Granero 12/13 Queens Park Rangers
23%
Outgoings Spain CM Esteban Granero 08/09 Getafe
23%
Incomings Spain RB Michel Salgado 99/00 Celta Vigo
23%
Outgoings Spain RB Miguel Torres 09/10 Getafe
23%
Incomings Montenegro ST Predrag Mijatovic 96/97 Valencia
23%
Outgoings Montenegro ST Predrag Mijatovic 99/00 Fiorentina
23%
Incomings Italy SS Antonio Cassano 05/06 Roma
21%
Outgoings Italy SS Antonio Cassano 08/09 Sampdoria
21%
Outgoings Turkey RM Hamit Altintop 12/13 Galatasaray
21%
Outgoings Argentina SS Javier Saviola 09/10 Benfica
20%
Incomings Netherlands LW Royston Drenthe 07/08 Feyenoord
20%
Incomings Denmark DM Thomas Gravesen 04/05 Everton
19%
Outgoings Denmark DM Thomas Gravesen 06/07 Celtic
19%
Incomings Brazil DM Emerson 06/07 Juventus
18%
Outgoings Brazil DM Emerson 07/08 Milan
18%
Incomings Spain CB Ivan Helguera 99/00 Espanyol
18%
Incomings Spain ST Alvaro Negredo 09/10 Almeria
17%
Outgoings Spain ST Alvaro Negredo 09/10 Sevilla
17%
Incomings Spain RM Luis Enrique 91/92 Sporting Gijon
17%
Outgoings Spain ST Roberto Soldado 08/09 Getafe
17%
Incomings Brazil AM Julio Baptista 05/06 Sevilla
16%
Outgoings Brazil AM Julio Baptista 08/09 Roma
16%
Incomings France DM Christian Karembeu 97/98 Sampdoria
15%
Outgoings France DM Christian Karembeu 00/01 Middlesbrough
15%
Incomings Spain RW Pedro Leon 10/11 Getafe
15%
Outgoings Spain RW Pedro Leon 13/14 Getafe
15%
Outgoings Spain ST Raul de Tomas 19/20 Benfica
15%
Outgoings Spain ST Raul de Tomas 18/19 Rayo Vallecano
15%
Incomings Argentina LM Santiago Solari 00/01 Atletico Madrid
15%
Outgoings Argentina LM Santiago Solari 05/06 Inter Milan
15%
Outgoings Spain CM Dani Parejo 09/10 Getafe
14%
Incomings Spain AM Sergio Canales 10/11 Racing Santander
14%
Outgoings Spain AM Sergio Canales 12/13 Valencia
14%
Outgoings Spain AM Sergio Canales 11/12 Valencia
14%
Incomings Germany GK Bodo Illgner 96/97 Koln
13%
Incomings Italy RB Christian Panucci 96/97 Milan
13%
Outgoings Italy RB Christian Panucci 99/00 Inter Milan
13%
Incomings Cameroon RM Geremi Njitap 99/00 Genclerbirligi
13%
Outgoings Cameroon RM Geremi Njitap 03/04 Chelsea
13%
Incomings Chile ST Ivan Zamorano 92/93 Sevilla
13%
Incomings France RB Julien Faubert 08/09 West Ham United
13%
Outgoings Spain LB Miguel Gutierrez 22/23 Girona
13%
Outgoings Spain ST Dani Gomez 20/21 Levante
12%
Incomings Brazil RB Cicinho 05/06 Sao Paulo
11%
Outgoings Brazil RB Cicinho 07/08 Roma
11%
Incomings Brazil CM Flavio Conceicao 00/01 Deportivo La Coruna
11%
Incomings Spain DM Omar Mascarell 18/19 Eintracht Frankfurt
11%
Outgoings Spain DM Omar Mascarell 18/19 Schalke
11%
Outgoings Spain DM Omar Mascarell 16/17 Eintracht Frankfurt
11%
Outgoings Spain CB Raul Bravo 07/08 Olympiacos
10%
Incomings Spain CB Aitor Karanka 97/98 Athletic Bilbao
9%
Incomings Croatia CM Robert Prosinecki 91/92 Crvena Zvezda
9%
Outgoings Spain AM Fernando 02/03 Real Betis
8%
Incomings Spain DM Ivan Campo 98/99 Valencia
8%
Incomings Brazil CB Julio Cesar 99/00 Real Valladolid
8%
Incomings Spain SS Pedro Munitis 00/01 Racing Santander
8%
Outgoings Austria CB Philipp Lienhart 18/19 Freiburg
8%
Outgoings Spain DM Antonio Blanco 23/24 Alaves
7%
Incomings Germany LB Paul Breitner 74/75 Bayern Munich
7%
Incomings England LW Laurie Cunningham 79/80 West Bromwich Albion
6%
Incomings Bosnia LW Elvir Baljic 99/00 Fenerbahce
5%
Outgoings Spain ST Alfonso 95/96 Real Betis
4%
Incomings Colombia CM Freddy Rincon 95/96 Napoli
4%
Outgoings Equatorial Guinea RW Javier Balboa 08/09 Benfica
4%
Outgoings Spain RW Jorge de Frutos 20/21 Levante
4%
Outgoings Spain AM Jose Manuel Jurado 06/07 Atletico Madrid
4%
Incomings Spain DM Lucas Torro 18/19 Osasuna
4%
Outgoings Spain DM Lucas Torro 18/19 Eintracht Frankfurt
4%
Incomings Croatia LB Robert Jarni 98/99 Real Betis
4%
Outgoings Spain CM Alvaro Medran 16/17 Valencia
3%
Incomings Uruguay RB Carlos Diogo 05/06 River Plate
3%
Outgoings Uruguay RB Carlos Diogo 07/08 Real Zaragoza
3%
Outgoings Spain LM Jose Amavisca 98/99 Racing Santander
3%
Incomings Spain CM Luis Milla 90/91 Barcelona
3%
Incomings Spain CB Rafael Alkorta 93/94 Athletic Bilbao
3%
Outgoings Spain CB Victor Chust 22/23 Cadiz
3%
Incomings Argentina GK Albano Bizzarri 99/00 Racing Club
2%
Outgoings Argentina GK Albano Bizzarri 00/01 Real Valladolid
2%
Outgoings Spain LW Burgui 17/18 Alaves
2%
Incomings Portugal RB Carlos Secretario 96/97 Porto
2%
Incomings Argentina ST Juan Esnaider 95/96 Real Zaragoza
2%
Outgoings Argentina ST Juan Esnaider 96/97 Atletico Madrid
2%
Outgoings Argentina ST Juan Esnaider 93/94 Real Zaragoza
2%
Incomings Spain RW Alberto Soro 19/20 Real Zaragoza
1%
Outgoings Spain RW Alberto Soro 20/21 Granada
1%
Incomings Serbia AM Dejan Petkovic 95/96 Crvena Zvezda
1%
Outgoings Serbia AM Dejan Petkovic 96/97 Racing Santander
1%
Incomings Colombia ST Edwin Congo 99/00 Once Caldas
1%
Outgoings Spain DM Jaime 99/00 Deportivo La Coruna
1%
Incomings Spain AM Juan Lozano 83/84 Anderlecht
1%
Incomings Spain LB Mikel Lasa 91/92 Real Sociedad
1%
Incomings Spain CB Nando 92/93 Sevilla
1%
Incomings Argentina CB Oscar Ruggeri 89/90 Logrones
1%
Incomings Serbia RW Perica Ognjenovic 99/00 Crvena Zvezda
1%
Incomings Spain RB Quique Sanchez Flores 94/95 Valencia
1%
Outgoings Spain ST Tote 03/04 Real Betis
1%
Outgoings Cape Verde RW Valdo 03/04 Osasuna
1%
Incomings Uruguay ST Federico Magallanes 98/99 Atalanta
0%
Outgoings Uruguay ST Federico Magallanes 99/00 Racing Santander
0%
Incomings Spain LM Javier Villarroya 90/91 Real Zaragoza
0%
Incomings Spain ST Manuel Canabal 97/98 Merida
0%
Outgoings Spain ST Manuel Canabal 00/01 Malaga
0%
Incomings Slovakia SS Peter Dubovsky 93/94 Slovan Bratislava
0%
Incomings Serbia CB Predrag Spasic 90/91 Partizan Belgrade
0%
Outgoings Brazil AM Rodrigo Fabri 02/03 Atletico Madrid
0%
No matching quizzes found
Score Distribution
Percent of People with Each Score
Percentile by Number Answered
Your Score History
You have not taken this quiz